Γλώσσα
English
Deutsch
Español
Français
Italiano
日本語
Nederlands
Português
Português (Brasil)
中文(简体)
中文(繁體)
Türkçe
עברית
Gaeilge
Cymraeg
Ελληνικά
Català
Euskara
Русский
Čeština
Suomi
Svenska
polski
Dansk
slovenščina
اللغة العربية
বাংলা
Galego
Tiếng Việt
Hrvatski
हिंदी
Հայերէն
Українська
Όλα τα πεδία
Τίτλος
Συγγραφέας
Θέμα
ISBN/ISSN
Ετικέτα
Αναγνωριστικό
Αναζήτηση
Σύνθετη
Т. 95, вып. 5; Журнал эксперим...
Εμφάνιση παραπομπής
Αποστολή με SMS
Αποστολή με email
Εκτύπωση
Αποθήκευση
Αποθήκευση σε RefWorks
Αποθήκευση σε EndNoteWeb
Αποθήκευση σε EndNote
Μόνιμος σύνδεσμος
Esportazione completata correttamente —
Т. 95, вып. 5; Журнал экспериментальной и теоретической физики
Λεπτομέρειες βιβλιογραφικής εγγραφής
Parent link:
Журнал экспериментальной и теоретической физики=ЖЭТФ/ Академия наук СССР (АН СССР). Т. 95, вып. 5.— , 1931-.— 0044-4510
Γλώσσα:
Ρωσικά
Έκδοση:
1989
Μορφή:
MixedMaterials
Βιβλίο
KOHA link:
https://koha.lib.tpu.ru/cgi-bin/koha/opac-detail.pl?biblionumber=431205
Τεκμήρια
Περιγραφή
Παρόμοια τεκμήρια
Λεπτομερής προβολή
MARC
LEADER
00000nam2a2200000 4500
001
431205
005
20231101075338.0
035
|a
(RuTPU)RU\TPU\prd\91298
035
|a
RU\TPU\prd\91286
090
|a
431205
100
|a
20101129a18699999k y0rusy50 ca
101
0
|a
rus
102
|a
RU
200
0
|a
Т. 95, вып. 5
210
|d
1989
461
1
|0
(RuTPU)RU\TPU\prd\1443
|x
0044-4510
|t
Журнал экспериментальной и теоретической физики
|l
ЖЭТФ
|f
Академия наук СССР (АН СССР)
|v
Т. 95, вып. 5
|d
1931-
801
0
|a
RU
|b
63413507
|c
20010227
|g
PSBO
801
1
|a
RU
|b
63413507
|c
20020301
|g
PSBO
801
2
|a
RU
|b
63413507
|c
20101129
|g
PSBO
942
|c
BK
999
|a
НТБ_ТПУ
|b
НФ
|e
-8/20100113
|p
П-770а
|u
0,00
|v
1
Παρόμοια τεκμήρια
Т. 95, вып. 1; Журнал экспериментальной и теоретической физики
Έκδοση: (1989)
Т. 95, вып. 2; Журнал экспериментальной и теоретической физики
Έκδοση: (1989)
Т. 95, вып. 3; Журнал экспериментальной и теоретической физики
Έκδοση: (1989)
Т. 95, вып. 4; Журнал экспериментальной и теоретической физики
Έκδοση: (1989)
Т. 95, вып. 6; Журнал экспериментальной и теоретической физики
Έκδοση: (1989)